| 000 | 01118cgm a2200313 4500 | ||
|---|---|---|---|
| 001 | J712 | ||
| 008 | 090401t1992 xxu||||| |||| 00| 0 eng d | ||
| 035 | _a(Sirsi) u76401 | ||
| 041 | _aeng | ||
| 050 | _a711.1 | ||
| 100 | _aMarsh, Chris | ||
| 245 | _aPlanning gain/planning obligations (sound recording). | ||
| 260 |
_aLondon _bRoyal Institution of Chartered Surveyors _c1992 |
||
| 300 | _a1 sound cassette (60 min.) | ||
| 350 | _a0 | ||
| 490 | _aOwlion Audio Programme | ||
| 520 | _aIt reviews the application and incidence of planning gain, the negotiation process and legal framework, and the likely impact of the new guidance in practice. The controversial nature of planning gain from a variety of viewpoints is explored. | ||
| 650 | _aAUDIO CASSETTES | ||
| 650 | _aPLANNING GAIN | ||
| 690 | _aPLANNING LAW AND PRACTICE | ||
| 700 | _aDonald, Graham | ||
| 700 | _aFordham, Richard | ||
| 700 | _aLewis, Robert | ||
| 700 | _aWeatherhead, Peter | ||
| 710 |
_aRoyal Institution of Chartered Surveyors _94900 |
||
| 710 |
_aCollege of Estate Management _9400 |
||
| 942 | _n0 | ||
| 948 | _c04/03/1997 | ||
| 999 |
_c85345 _d85345 |
||